000 00664nam a2200205 a 4500
001 000012184
005 20240412074230.0
008 091106s19uu dr 001 p spa d
040 _aDO-SdBNP
_bspa
_cBNPHU
082 _aRD861.44
_bB253an
100 1 _aBarinas Coiscou, Sócrates,
_d1916-2021
_924379
245 1 0 _aAnacaona :
_bllama de eternidad /
_cSócrates Barinas Coiscou.
260 _a[Santo Domingo] :
_b[s.n],
_c[19--].
300 _a143 p. ;
_c21 cm.
504 _aBibliografía : p. 135-136
590 _aInventariado, 2018/LP
650 0 _aPoesía dominicana
_966
650 0 _aLiteratura dominicana.
_967
910 _aValidado. Control de calidad MFF
999 _c11849
_d11849